000 00636nam a2200181Ia 4500
008 090201s9999 xx 000 0 und d
010 _aKPL-65877
040 _bमराठी
041 _aमराठी
082 _a2359
_b65877
100 _aमधुकर महाजन
245 _aसुखी जीवन अर्थात चिंता निवारण
_cमधुकर महाजन
250 _a1
260 _c1962
_bउद्यम प्रकाशन
300 _a155
_bलहान
600 _aसुखी जीवन अर्थात चिंता निवारण
942 _cBOOK
999 _c203449
_d203449